| 000 | 03523nam0a2200349 4500 | ||
|---|---|---|---|
| 001 | RU\NLR\BIBL_A\016211868 | ||
| 005 | 20230201124217.0 | ||
| 010 | _a978-5-9228-2603-7 | ||
| 021 |
_aRU _bКН-П-22-072010 _9КН-П-22-6268 |
||
| 035 | _a(NLR Aleph) 016211868 | ||
| 035 | _a(RuMoRGB)011294510 | ||
| 090 |
_a12709823 _c12709823 |
||
| 100 | _a20221118d2022 u y0rusy50 ca | ||
| 101 | 0 | _arus | |
| 102 | _aRU | ||
| 105 | _ay z 000zy | ||
| 181 | 0 |
_ai _baxxe |
|
| 182 | 0 | _an | |
| 200 | 1 |
_aСлияние и поглощения международных компаний: вопросы теории и практики _eучебное пособие _fН. Ю. Конина _gФедеральное государственное бюджетное образовательное учреждение высшего образования "Московский государственный институт международных отношений (университет) Министерства иностранных дел Российской Федерации", Кафедра менеджмента, маркетинга и внешнеэкономической деятельности имени И. Н. Герчиковой |
|
| 203 |
_aТекст _bвизуальный _cнепосредственный |
||
| 210 |
_aМосква _cМГИМО-университет _d2022 |
||
| 215 |
_a221, [1] с. _d20 |
||
| 320 | _aБиблиогр.: с. 221-222 (19 назв.) | ||
| 330 | _aВ учебном пособии системно представлены особенности и механизм слияний и поглощений как важного инструмента достижения стратегических целей компании. Рассмотрены общие фундаментальные и прикладные вопросы, различные этапы слияний и поглощений - от стратегического обоснования до реализации. Значительное внимание уделено практическим вопросам баланса стратегических и тактических вопросов, форм и мотивов слияний и поглощений, различным этапам приобретений, структурированию сделок и проблемам достижения последующей интеграции как кульминации слияний и поглощений международных фирм. Для студентов бакалавриата и магистратуры МГИМО МИД России, обучающихся по направлениям подготовки "Менеджмент" и "Экономика", слушателей школ бизнеса, менеджеров и предпринимателей | ||
| 606 | 1 |
_aФирмы _jУчебные издания для высших учебных заведений _xСлияние _92388889 _3RU\NLR\AUTH\661424787 |
|
| 606 | 1 |
_aФирмы _jУчебные издания для высших учебных заведений _xРеструктуризация _92541584 _3RU\NLR\AUTH\661504622 |
|
| 686 | 1 | _aУ29(0)я73 | |
| 700 | 1 |
_7ca _8rus _aКонина _bН. Ю. _gНаталия Юрьевна _9197627 _3RU\NLR\AUTH\770197678 |
|
| 942 | _cBOOK | ||
| 980 | _aNB | ||